|
|
|
|
| LEADER |
00000cam a22000004a 4500 |
| 001 |
musev2_7582 |
| 003 |
MdBmJHUP |
| 005 |
20230905040853.0 |
| 006 |
m o d |
| 007 |
cr||||||||nn|n |
| 008 |
050720s2006 nyu o 00 0 eng d |
| 010 |
|
|
|z 2005020721
|
| 020 |
|
|
|a 9780814784679
|
| 020 |
|
|
|z 9780814793794
|
| 020 |
|
|
|z 0814793797
|
| 020 |
|
|
|z 0814784674
|
| 035 |
|
|
|a (OCoLC)76964276
|
| 040 |
|
|
|a MdBmJHUP
|c MdBmJHUP
|
| 043 |
|
|
|a n-us---
|
| 050 |
0 |
4 |
|a KF4755
|b .W36 2006
|
| 082 |
0 |
|
|a 342.7308/73
|2 22
|
| 100 |
1 |
|
|a Wang, Lu-in.
|
| 245 |
1 |
0 |
|a Discrimination by Default :
|b How Racism Becomes Routine /
|c Lu-in Wang.
|
| 264 |
|
1 |
|a New York :
|b New York University Press,
|c 2006.
|
| 264 |
|
3 |
|a Baltimore, Md. :
|b Project MUSE,
|c 2012
|
| 264 |
|
4 |
|c ©2006.
|
| 300 |
|
|
|a 1 online resource (200 pages).
|
| 336 |
|
|
|a text
|b txt
|2 rdacontent
|
| 337 |
|
|
|a computer
|b c
|2 rdamedia
|
| 338 |
|
|
|a online resource
|b cr
|2 rdacarrier
|
| 504 |
|
|
|a Includes bibliographical references (p. 149-175) and index.
|
| 505 |
0 |
|
|a Discrimination by default, discrimination as default -- Situational racism -- Self-fulfilling stereotypes -- Failures of imagination -- Discrimination by and as default in medical care -- Overriding the default.
|
| 588 |
|
|
|a Description based on print version record.
|
| 650 |
|
0 |
|a Equality before the law
|z United States.
|
| 650 |
|
0 |
|a Race discrimination
|x Law and legislation
|z United States.
|
| 655 |
|
7 |
|a Electronic books.
|2 local
|
| 710 |
2 |
|
|a Project Muse.
|e distributor
|
| 830 |
|
0 |
|a Book collections on Project MUSE.
|
| 856 |
4 |
0 |
|z Texto completo
|u https://projectmuse.uam.elogim.com/book/7582/
|
| 945 |
|
|
|a Project MUSE - Custom Collection
|
| 945 |
|
|
|a Project MUSE - Archive Complete Foundation
|
| 945 |
|
|
|a Project MUSE - Archive Political Science and Policy Studies Foundation
|